Datum a čas kvízu
22
Celkem bodů
Celkový počet nahraných bodů na tomto kvízu bez doplňovacích otázek.
9.
Pořadí na kvízu
Konečné umístění týmu na tomto kvízu.
Zaznamenané odpovědi
| # | Otázka | Odpověď | Body | Výsledky |
|---|---|---|---|---|
| 1. | Pražský Cross Club lákal zákaz... | natáčením studentského filmu | 1 | |
| 2. | Na letišti v Helsinkách začali... | psi | 1 | |
| 3. | Ačkoli je tento formát celosvě... | Polda | 1 | |
| 4. | Čtenáři serveru Aktuálně.cz hl... | T-Mobile | 1 | |
| 5. | Jak se jmenuje dánský fotbalov... | FC Midtjylland (čteme mitjulend) | 1 | |
| 6. | Podle zdroje vody se rybníky d... | říční rybník | 0 | |
| 7. | Na obrázku vidíme u nás velmi... | okoun | 0 | |
| 8. | Jak se jmenuje červeně vyznače... | Svět | 0 | |
| 9. | Většina rybníků disponuje jist... | česle / česlice | 1 | |
| 10. | Největším českým rybníkem je s... | Lužnice | 0 |